00511nam a2200145Ia 4500008004100000020001800041050001900059100002200078245007300100260003500173300002700208500007600235650002100311700003300332120721s9999 xx 000 0 und d a968-401-116-4 aK75 B6518 1945 aBonnecase, Julien aElementos de derecho civil / Julien Bonnecase ; tr. José M. Cajica aTijuana, B.C. : Cardenas, 1975 a700 p. ; 21 cm. + 1 v. aEl volumen I abarca : Nociones preliminares, personas, familiar, bienes a1. Derecho civil aI. Cajica M., José, tr.Ì